| 000 | 00000nam##2200000za#4500 |
| 001 | 9.696772 |
| 003 | CaOODSP |
| 005 | 20240219183347 |
| 007 | cr ||||||||||| |
| 008 | 150407|2005||||xxc|||||o f|0| 0 eng|d |
| 040 | |aCaOODSP|beng |
| 043 | |an-cn--- |
| 086 | 1 |aD69-8/2005E-PDF |
| 110 | 2 |aDefence R&D Canada. |
| 245 | 10|aMoral and ethical decision making : |h[electronic resource]|bliterature review / |c[by] Michael H. Thomson, Barbara D. Adams, and Jessica A. Sartori. |
| 260 | |aOttawa - Ontario : |bDefence Research and Development Canada |cAugust 2005. |
| 300 | |a95p.|bfigs., graphs, references, tables |
| 546 | |a(Résumé en français.) |
| 590 | |a12-40-Supp|b2012-10-23 |
| 690 | 07|aDecision making|2gcpds |
| 720 | 1 |aThomson, Michael H. |
| 720 | 1 |aAdams, Barbara D. |
| 720 | 1 |aSartori, Jessica A. |
| 856 | 40|ahttp://publications.gc.ca|qPDF|s575 KB|uhttps://publications.gc.ca/collections/collection_2012/rddc-drdc/D69-8-2005-eng.pdf |